MARC

LEADER 00000cam a2200000 7i4500
001 0000000890
005 20020717.0
020 0 0 |a 9834015402 
090 0 0 |a 719.3095951   |b CAP 1996 
245 0 0 |a CAPACITY building & strengthening of the protected areas system in Peninsular Malaysia :   |b a master plan 
260 0 0 |a Kuala Lumpur :   |b Jabatan Perlindungan Hidupan Liar dan Taman Negara (PERHILITAN); Danish Cooperation for Environment and Development (DANCED) ,   |c 1996 
300 |a xxiv, 268 p. :   |b col. maps ;   |c 30 cm. 
650 0 0 |a National parks and reserves   |z Peninsular Malaysia 
650 0 0 |a Nature conservation   |z Peninsular Malaysia 
710 1 1 |a Danish Cooperation for Environment and Development (DANCED) 
710 1 1 |a Jabatan Perlindungan Hidupan Liar dan Taman Negara (PERHILITAN) 
998 |a JPSM 
999 |a 0000001931   |b Monograph   |c Open Shelf   |e Default branch 
999 |a 0000003378   |b Monograph   |c Open Shelf   |e Default branch